Central Library OPAC University of Rajshahi

Serajul Islam's Public demands recovery acts; (Record no. 51899)

MARC details
000 -LEADER
fixed length control field 01531nam a2200349 a 4500
001 - CONTROL NUMBER
control field 51899
003 - CONTROL NUMBER IDENTIFIER
rucl marc code BD-RjUL
005 - DATE AND TIME OF LATEST TRANSACTION
control field 20211209075728.0
008 - FIXED-LENGTH DATA ELEMENTS--GENERAL INFORMATION
fixed length control field 160904r19831981ii 000 0 eng
035 ## - SYSTEM CONTROL NUMBER
System control number (BD-RjUL)52019
040 ## - CATALOGING SOURCE
Original cataloging agency DLC
Transcribing agency DLC
Modifying agency DLC
Language of cataloging eng
041 ## - LANGUAGE CODE
Language code of text/sound track or separate title eng
082 00 - DEWEY DECIMAL CLASSIFICATION NUMBER
Classification number 343.0420954
Edition number 23
Author mark and year SAS 1983
100 1# - MAIN ENTRY--PERSONAL NAME
Personal name Islam, Serajul.
9 (RLIN) 142014
245 00 - TITLE STATEMENT
Title Serajul Islam's Public demands recovery acts;
Remainder of title (Bengal act III of 1913 for West Bengal & East Pakistan and Bihar and Orissa act IV of 1914 for Bihar & Orissa)
Statement of responsibility, etc. and the Revenue recovery act I of 1890 by P. C. Sarkar.
250 ## - EDITION STATEMENT
Edition statement 6th ed.
260 ## - PUBLICATION, DISTRIBUTION, ETC. (IMPRINT)
Place of publication, distribution, etc. Calcutta,
Name of publisher, distributor, etc. S. C. Sarkar
Date of publication, distribution, etc. 1981, [Reprinted 1983]
300 ## - PHYSICAL DESCRIPTION
Pagination xxvii, 405 p. ;
Size 22 cm.
500 ## - GENERAL NOTE
General note Includes index
650 #0 - SUBJECT ADDED ENTRY--TOPICAL TERM
Topical term or geographic name as entry element Tax collection
Geographic subdivision India
-- West Bengal.
9 (RLIN) 155226
Topical term or geographic name as entry element Tax collection
Geographic subdivision Bangladesh.
9 (RLIN) 141919
Topical term or geographic name as entry element Tax collection
Geographic subdivision India
-- Odisha.
9 (RLIN) 142017
Topical term or geographic name as entry element Tax collection
Geographic subdivision India
-- Bihar.
9 (RLIN) 142018
700 1# - ADDED ENTRY--PERSONAL NAME
Personal name Sarkar, Prabhas Chandra,
Relator term ed.
710 1# - ADDED ENTRY--CORPORATE NAME
Corporate name or jurisdiction name as entry element West Bengal.
Form subheading Laws, statutes, etc.
Title of a work Bengal public demands recovery act.
9 (RLIN) 142019
Corporate name or jurisdiction name as entry element East Pakistan.
Form subheading Laws, statutes, etc.
Title of a work Bengal public demands recovery act.
9 (RLIN) 142020
Corporate name or jurisdiction name as entry element Orissa, India.
Form subheading Laws, statutes, etc.
Title of a work Bihar and Orissa public demands recovery act.
9 (RLIN) 142020
Corporate name or jurisdiction name as entry element Bihar, India (State).
Form subheading Laws, statutes, etc.
Title of a work Bihar and Orissa public demands recovery act.
9 (RLIN) 142021
942 ## - ADDED ENTRY ELEMENTS (KOHA)
Source of classification or shelving scheme Dewey Decimal Classification
Koha item type Books
Holdings
Lost status Source of classification or shelving scheme Damaged status Not for loan Collection code Permanent Location Current Location Shelving location Date acquired Source of acquisition Total Checkouts Full call number Date last seen Copy number Koha item type
  Dewey Decimal Classification     Non-fiction Central Library, University of Rajshahi Central Library, University of Rajshahi   08/06/1985 Asia foundation   343.0420954 ISS 1983 04/09/2016 C-2 Books